000 00646nam a2200253Ia 4500
003 OSt
005 20220918213748.0
006 a|||||r|||| 00| 0
007 ta
008 220917b |||||||| |||| 00| 0 eng d
024 _a134,185
037 _cTextual
040 _aARTS
_cARTS
_beng
041 _2eng
_aeng
082 _aX:75t682:N5, K2
110 _aEthiopian
_9128368
245 0 _aSecond five year development plan, 1955-1959 EC 1963-1967 GC
260 _c1962
300 _a363p
_ccm.
650 _aECONOMICS
700 _aEthiopian
_9128369
942 _hX:75t682:N5, K2
_cTEXL
_2CC
999 _c257289
_d257289